{"text_format":"3","workbook":"xlsx","n_sheets":1,"sheets":["Sheet1"],"not_rendered":{"images":63,"defined_names":1},"read":"whole","date_system":"1900"}

{"sheet":"Sheet1","index":0,"n_rows":66,"n_cols":8,"rows_kept":66,"merged":[[0,0,0,7],[4,7,5,7],[59,1,60,1],[59,2,60,2],[59,7,60,7]]}
["普惠性托育项目的家具、玩具采购清单"]
["序号","名称","参考技术参数","单位","数量","参考单价","合价","参考图片"]
[1,"幼儿学习椅","1、实木原木（柏木）：甲醛释放量、二甲苯、甲苯、苯、总挥发性有机化合物（TVOC）以上全未检出；含水率≤5.8%。\n2、水性漆，VOC含量≤6g/L，甲醛≤5mg/kg；苯系物总和含量、乙二醇醚及醚酯总和含量、烷基酚聚氧乙烯醚总和含量均未检出；细度≤33um；不挥发物≥38%，耐磨性（750g/1000r)≤0.019g,附着力≤1级，耐干热性、耐湿热性≤2级，搅拌后均匀无硬块，表面硬度≥2H，耐水性、耐碱性、耐污染性均检测合格。\n3、五金件螺丝：表面涂层可迁移元素均未检出；经中性盐雾试验、乙酸盐雾试验均通过≥100h试验，达到10级耐腐蚀等级的检测标准；金属件外观性能未见缺陷\n4、规格：25*27*29cm","张",40,280,{"$f":"E3*F3","v":11200},{"$f":"_xlfn.DISPIMG(\"ID_7474A1430BCE471C80D986B021DE2469\",1)","v":"=DISPIMG(\"ID_7474A1430BCE471C80D986B021DE2469\",1)"}]
[2,"幼儿学习桌","1、实木原木（柏木）：甲醛释放量、二甲苯、甲苯、苯、总挥发性有机化合物（TVOC）以上全未检出；含水率≤5.8%。\n2、水性漆，VOC含量≤6g/L，甲醛≤5mg/kg；苯系物总和含量、乙二醇醚及醚酯总和含量、烷基酚聚氧乙烯醚总和含量均未检出；细度≤33um；不挥发物≥38%，耐磨性（750g/1000r)≤0.019g,附着力≤1级，耐干热性、耐湿热性≤2级，搅拌后均匀无硬块，表面硬度≥2H，耐水性、耐碱性、耐污染性均检测合格。\n3、五金件螺丝：表面涂层可迁移元素均未检出；经中性盐雾试验、乙酸盐雾试验均通过≥100h试验，达到10级耐腐蚀等级的检测标准；金属件外观性能未见缺陷\n4、规格L120*W60*H52cm（弧形）","张",10,1300,{"$f":"E4*F4","v":13000},{"$f":"_xlfn.DISPIMG(\"ID_E3FB3354283248608A8304D9D62B5AEC\",1)","v":"=DISPIMG(\"ID_E3FB3354283248608A8304D9D62B5AEC\",1)"}]
[3,"二层无背板柜","二层8格\n1、实木原木（柏木）：甲醛释放量、二甲苯、甲苯、苯、总挥发性有机化合物（TVOC）以上全未检出；含水率≤5.8%。\n2、水性漆，VOC含量≤6g/L，甲醛≤5mg/kg；苯系物总和含量、乙二醇醚及醚酯总和含量、烷基酚聚氧乙烯醚总和含量均未检出；细度≤33um；不挥发物≥38%，耐磨性（750g/1000r)≤0.019g,附着力≤1级，耐干热性、耐湿热性≤2级，搅拌后均匀无硬块，表面硬度≥2H，耐水性、耐碱性、耐污染性均检测合格。\n3、五金件螺丝：表面涂层可迁移元素均未检出；经中性盐雾试验、乙酸盐雾试验均通过≥100h试验，达到10级耐腐蚀等级的检测标准；金属件外观性能未见缺陷\n4、规格2400*300*600mm","个",2,1680,3360,{"$f":"_xlfn.DISPIMG(\"ID_499B131609F9435D98D7AE7EB9948E99\",1)","v":"=DISPIMG(\"ID_499B131609F9435D98D7AE7EB9948E99\",1)"}]
[4,"三层无背板柜","三层12格\n1、实木原木（柏木）：甲醛释放量、二甲苯、甲苯、苯、总挥发性有机化合物（TVOC）以上全未检出；含水率≤5.8%。\n2、水性漆，VOC含量≤6g/L，甲醛≤5mg/kg；苯系物总和含量、乙二醇醚及醚酯总和含量、烷基酚聚氧乙烯醚总和含量均未检出；细度≤33um；不挥发物≥38%，耐磨性（750g/1000r)≤0.019g,附着力≤1级，耐干热性、耐湿热性≤2级，搅拌后均匀无硬块，表面硬度≥2H，耐水性、耐碱性、耐污染性均检测合格。\n3、五金件螺丝：表面涂层可迁移元素均未检出；经中性盐雾试验、乙酸盐雾试验均通过≥100h试验，达到10级耐腐蚀等级的检测标准；金属件外观性能未见缺陷\n4、规格：3600*300*600mm","个",2,2580,5160]
[5,"老师工作台","1、实木原木（柏木）：甲醛释放量、二甲苯、甲苯、苯、总挥发性有机化合物（TVOC）以上全未检出；含水率≤5.8%。\n2、水性漆，VOC含量≤6g/L，甲醛≤5mg/kg；苯系物总和含量、乙二醇醚及醚酯总和含量、烷基酚聚氧乙烯醚总和含量均未检出；细度≤33um；不挥发物≥38%，耐磨性（750g/1000r)≤0.019g,附着力≤1级，耐干热性、耐湿热性≤2级，搅拌后均匀无硬块，表面硬度≥2H，耐水性、耐碱性、耐污染性均检测合格。\n3、五金件螺丝：表面涂层可迁移元素均未检出；经中性盐雾试验、乙酸盐雾试验均通过≥100h试验，达到10级耐腐蚀等级的检测标准；金属件外观性能未见缺陷。\n4、规格1400*700*750mm","张",2,1380,2760,{"$f":"_xlfn.DISPIMG(\"ID_29D002948FF54E13BDB222E3D239086B\",1)","v":"=DISPIMG(\"ID_29D002948FF54E13BDB222E3D239086B\",1)"}]
[6,"老师椅子","1、实木原木（柏木）：甲醛释放量、二甲苯、甲苯、苯、总挥发性有机化合物（TVOC）以上全未检出；含水率≤5.8%。\n2、水性漆，VOC含量≤6g/L，甲醛≤5mg/kg；苯系物总和含量、乙二醇醚及醚酯总和含量、烷基酚聚氧乙烯醚总和含量均未检出；细度≤33um；不挥发物≥38%，耐磨性（750g/1000r)≤0.019g,附着力≤1级，耐干热性、耐湿热性≤2级，搅拌后均匀无硬块，表面硬度≥2H，耐水性、耐碱性、耐污染性均检测合格。\n3、五金件螺丝：表面涂层可迁移元素均未检出；经中性盐雾试验、乙酸盐雾试验均通过≥100h试验，达到10级耐腐蚀等级的检测标准；金属件外观性能未见缺陷\n4、规格：常规","张",4,540,2160,{"$f":"_xlfn.DISPIMG(\"ID_BD0793682CBB49FD9053A184B6FBE6BE\",1)","v":"=DISPIMG(\"ID_BD0793682CBB49FD9053A184B6FBE6BE\",1)"}]
[7,"幼儿餐凳","1、材质：PP塑料材质\n2、规格：常规","张",40,80,3200,{"$f":"_xlfn.DISPIMG(\"ID_D18852B2CF82497C8A8D5E1C9048D85D\",1)","v":"=DISPIMG(\"ID_D18852B2CF82497C8A8D5E1C9048D85D\",1)"}]
[8,"幼儿床","1、实木原木（柏木）：甲醛释放量、二甲苯、甲苯、苯、总挥发性有机化合物（TVOC）以上全未检出；含水率≤5.8%。\n2、水性漆，VOC含量≤6g/L，甲醛≤5mg/kg；苯系物总和含量、乙二醇醚及醚酯总和含量、烷基酚聚氧乙烯醚总和含量均未检出；细度≤33um；不挥发物≥38%，耐磨性（750g/1000r)≤0.019g,附着力≤1级，耐干热性、耐湿热性≤2级，搅拌后均匀无硬块，表面硬度≥2H，耐水性、耐碱性、耐污染性均检测合格。\n3、五金件螺丝：表面涂层可迁移元素均未检出；经中性盐雾试验、乙酸盐雾试验均通过≥100h试验，达到10级耐腐蚀等级的检测标准；金属件外观性能未见缺陷。\n4、规格：1350*600*220mm","张",40,980,39200,{"$f":"_xlfn.DISPIMG(\"ID_42579F8F14864D68A455AF38A5331DED\",1)","v":"=DISPIMG(\"ID_42579F8F14864D68A455AF38A5331DED\",1)"}]
[9,"床上六件套","1、采用全棉面料，耐干摩擦（C 类）4-5 级，甲醛含量未检出，符合《GB 18401-2010 国家纺织产品基本安全技术规范》。\n2、规格：儿童常规","套",40,160,6400,{"$f":"_xlfn.DISPIMG(\"ID_ECADF824ABD04439976C4D7B4052CF58\",1)","v":"=DISPIMG(\"ID_ECADF824ABD04439976C4D7B4052CF58\",1)"}]
[10,"托盘","1、材质：树脂\n2、规格：35*23*2.6cm","个",40,25,{"$f":"E12*F12","v":1000},{"$f":"_xlfn.DISPIMG(\"ID_C95C53DEAC004C718CF960F945BA5E5A\",1)","v":"=DISPIMG(\"ID_C95C53DEAC004C718CF960F945BA5E5A\",1)"}]
[11,"毛巾水杯架","1、全采用304不锈钢，管材厚度1.0mm。\n2、304不锈钢：抗菌性能：金黄色葡萄球菌抗菌活性值≥0.2,、大肠杆菌抗菌活性值≥1.4；黑曲霉、球毛壳霉、绿色木霉，防霉等级0-1级；可迁移元素：镉、铬、铅、汞菌未检出；中性盐雾试验≥450h后腐蚀等级达到10级。\n3、焊接工艺无毛刺。\n4、整体结构稳固。\n5、规格：L50cm","个",8,60,480,{"$f":"_xlfn.DISPIMG(\"ID_3F536A3E3EDE439DAA70D8639EA277B1\",1)","v":"=DISPIMG(\"ID_3F536A3E3EDE439DAA70D8639EA277B1\",1)"}]
[12,"木制储物推车","1、基材：实木多层板，甲醛释放量ENF级≤0.020；板面握螺钉力≥1000N，板边握螺钉力≥900N；顺纹弹性模量试件强度值≥5000MPa，横纹弹性模量试件强度值≥4500MPa；金黄色葡萄球菌、大肠杆菌(大肠埃希氏菌)、白色念珠菌抑菌率≥99%。\n2、面材：采用木皮，含水率6-16%；甲醛释放量≤0.1mg/L；产品有害物质可接触的实木部件中五氯苯酚(PCP)≤0.1mg/kg；耐光色牢度蓝色羊毛布4级，达到灰度2级。\n3、白乳胶：总挥发性有机物≤9g/L，游离甲醛≤0.05g/kg，苯、甲苯+二甲苯≤0.02g/kg，黏度≥0.7pa.s，不挥发物≥47%，压缩剪切强度（湿强度≥7MPa），（干强度≥11MPa）；木材污染性合格。\n4、水性底漆，甲醛含量≤5mg/kg；苯系物总和含量（限苯、甲苯、二甲苯、乙苯）≤12mg/kg；乙二醇醚及醚醋总和含量≤17mg/kg；涂膜均匀，无流挂、发花、针孔、开裂和剥落等涂膜病态；硬度（擦伤）≥3H；贮存稳定性[(50士2)℃，7d]无异常；耐水性（≥48h）及耐沸水性（≥30min）无异常；耐冻融性不变质；耐醇性 (50%，2h)无异常；附着力（划格间距2mm/级）≤1级；VOC含量水性涂料（含腻子）色漆≤10g/L。\n5、水性面漆，甲醛含量≤10mg/kg；VOC含量清漆≤10g/L；多环芳烃总和含量(限萘、蒽)≤200mg/kg；甲醇≤0.3%；卤代烃总和含量≤0.1%；邻苯二甲酸酯总和含量≤0.2%；乙二醇醚及醚醋总和含量≤300mg/kg；苯系物总和含量≤250mg/kg；游离二异氰酸酯总和含量潮（湿）气固化型≤0.4%；耐水性（≥24h）及耐沸水性（≥15min）无异常；耐醇性 (50%，1h)无异常；耐冻融性不变质；附着力（划格间距2mm/级）≤1级。\n6、五金件：螺丝，表面涂层可迁移元素锑、砷、钡、镉、铬、铅、汞、硒≤2mg/kg；经中性盐雾试验、乙酸盐雾试验均通过≥100h试验，达到10级耐腐蚀等级的检测标准；金属件外观性能未见缺陷。\n7、滑轮：塑料重金属可溶性铅，可溶性镉，可溶性铬，可溶性汞≤2mg/kg；塑料件外观：应无裂纹，无明显变形，应无明显缩孔、气泡、杂质、伤痕，外表用塑料件表面应光洁，无划痕，无污溃，无明显色差。\n8、板材厚度≥18mm。\n9、规格：L90×W50×H81cm","个",2,480,960,{"$f":"_xlfn.DISPIMG(\"ID_FD96A78B107B4511A3BA56CF3B744EFA\",1)","v":"=DISPIMG(\"ID_FD96A78B107B4511A3BA56CF3B744EFA\",1)"}]
[13,"换鞋柜（鞋柜）","1、基材：实木多层板，甲醛释放量ENF级≤0.020；板面握螺钉力≥1000N，板边握螺钉力≥900N；顺纹弹性模量试件强度值≥5000MPa，横纹弹性模量试件强度值≥4500MPa；金黄色葡萄球菌、大肠杆菌(大肠埃希氏菌)、白色念珠菌抑菌率≥99%。\n2、面材：采用木皮，含水率6-16%；甲醛释放量≤0.1mg/L；产品有害物质可接触的实木部件中五氯苯酚(PCP)≤0.1mg/kg；耐光色牢度蓝色羊毛布4级，达到灰度2级。\n3、白乳胶：总挥发性有机物≤9g/L，游离甲醛≤0.05g/kg，苯、甲苯+二甲苯≤0.02g/kg，黏度≥0.7pa.s，不挥发物≥47%，压缩剪切强度（湿强度≥7MPa），（干强度≥11MPa）；木材污染性合格。\n4、水性底漆，甲醛含量≤5mg/kg；苯系物总和含量（限苯、甲苯、二甲苯、乙苯）≤12mg/kg；乙二醇醚及醚醋总和含量≤17mg/kg；涂膜均匀，无流挂、发花、针孔、开裂和剥落等涂膜病态；硬度（擦伤）≥3H；贮存稳定性[(50士2)℃，7d]无异常；耐水性（≥48h）及耐沸水性（≥30min）无异常；耐冻融性不变质；耐醇性 (50%，2h)无异常；附着力（划格间距2mm/级）≤1级；VOC含量水性涂料（含腻子）色漆≤10g/L。\n5、水性面漆，甲醛含量≤10mg/kg；VOC含量清漆≤10g/L；多环芳烃总和含量(限萘、蒽)≤200mg/kg；甲醇≤0.3%；卤代烃总和含量≤0.1%；邻苯二甲酸酯总和含量≤0.2%；乙二醇醚及醚醋总和含量≤300mg/kg；苯系物总和含量≤250mg/kg；游离二异氰酸酯总和含量潮（湿）气固化型≤0.4%；耐水性（≥24h）及耐沸水性（≥15min）无异常；耐醇性 (50%，1h)无异常；耐冻融性不变质；附着力（划格间距2mm/级）≤1级。\n6、五金件：三合一连接件，通过中性盐雾试验（NSS）法、乙酸盐雾试验法连续喷雾≥200h试验，耐腐蚀等级达到10级；表面涂层可迁移元素锑、砷、钡、镉、铬、铅、汞、硒≤2mg/kg；金属件外观性能无缺陷。\n7、坐垫面料：亚麻布，甲醛含量（B类）未检出；可分解致癌芳香胺染料未检出；无异味；染色牢度耐碱汗渍色牢度（B类）沾色变色不低于4级；染色牢度耐水色牢度（B类）沾色变色不低于4级；染色牢度耐酸汗渍色牢度（B类）沾色变色不低于4级；染色牢度耐干摩擦色牢度（B类）经向纬向不低于4级；PH值（B类6.5~8.5）。\n8、板材厚度≥18mm。\n9、规格：L118.5W30×H38.5cm(含坐垫)","个",4,780,3120,{"$f":"_xlfn.DISPIMG(\"ID_92CDDB20689F491695B9D3AF3B6CF7FA\",1)","v":"=DISPIMG(\"ID_92CDDB20689F491695B9D3AF3B6CF7FA\",1)"}]
[14,"储物柜","三层高柜全背板\n1、实木原木（柏木）：甲醛释放量、二甲苯、甲苯、苯、总挥发性有机化合物（TVOC）以上全未检出；含水率≤5.8%。\n2、水性漆，VOC含量≤6g/L，甲醛≤5mg/kg；苯系物总和含量、乙二醇醚及醚酯总和含量、烷基酚聚氧乙烯醚总和含量均未检出；细度≤33um；不挥发物≥38%，耐磨性（750g/1000r)≤0.019g,附着力≤1级，耐干热性、耐湿热性≤2级，搅拌后均匀无硬块，表面硬度≥2H，耐水性、耐碱性、耐污染性均检测合格。\n3、五金件螺丝：表面涂层可迁移元素均未检出；经中性盐雾试验、乙酸盐雾试验均通过≥100h试验，达到10级耐腐蚀等级的检测标准；金属件外观性能未见缺陷\n4、规格：L90×W50×H81cm","个",4,2580,10320,{"$f":"_xlfn.DISPIMG(\"ID_243129AE876240C1913477B2623379C8\",1)","v":"=DISPIMG(\"ID_243129AE876240C1913477B2623379C8\",1)"}]
[15,"定制小沙发组合","1、面材：绒布，检测无异味；甲醛含量≤20mg/kg；染色牢度：耐水色牢度、耐酸汗渍色牢度、耐碱汗渍色牢度、耐干摩擦色牢度不低于3级；PH值6.0至8.5；可分解致癌芳香胺染料≤5mg/kg；可萃取的重金属检测合格；重金属总量铅、镉≤4mg/kg；氯化苯酚 五氯苯酚 (PCP)≤0.03mg/kg；多环芳烃（PAHs） 苯并 [a] 花≤0.05mg/kg；燃烧性能检测合格；耐湿摩擦色牢度不低于5级。                                                                                                                                  \n2、 海绵：经检测无刺激性气味、每平方米内弥和裂缝总长小于100mm，最大裂缝小于30mm、颜色均匀，允许轻微杂色黄芯；泡沫塑料密度≥60kg/m³；25%压陷硬度（等级/151N）检测合格；65%/25%压陷比≥3；回弹率≥50%；拉伸强度（等级/151N）≥170kPa；伸长率（等级/151N）≥190%；干热老化后拉伸强度≥160kPa；75%压缩永久变形≤5%；撕裂强度（等级/151N）≥4.5N/cm；恒定负荷反复压陷疲劳性能（BP）≤30%；B1级燃烧性能检测合格。\n3、内框架实木锯材，木制件甲醛释放量≤0.05mg/L；含水率8%~13%；木制件外观虫蛀、贯通裂缝、树脂囊、节子、腐朽材、死节、孔洞、夹皮、树脂道、树胶道均未见缺陷。\n4、 沙发弹簧：金属件外观性能要求：涂层应无漏喷，锈蚀和脱色、掉色现象，涂层应光滑均匀，色泽一致，应无流挂、疙瘩、皱皮、飞漆等缺陷；涂层中可溶性重金属铅、镉、铬、汞≤2mg/kg；经过人造气氛腐蚀试验：中性盐雾（NSS）、乙酸盐雾（AASS）、铜加速乙酸盐雾（CASS）试验周期均≥70h。起泡等级0（S0）。生锈等级Ri0。开裂等级0（S0）。剥落等级0（S0）。\n5、规格：Ф35×H26cm（单个","组",4,580,2320,{"$f":"_xlfn.DISPIMG(\"ID_19AD98B472144C2E833C14D84160E959\",1)","v":"=DISPIMG(\"ID_19AD98B472144C2E833C14D84160E959\",1)"}]
[16,"儿童风格单人沙发","1、面材：绒布，检测无异味；甲醛含量≤20mg/kg；染色牢度：耐水色牢度、耐酸汗渍色牢度、耐碱汗渍色牢度、耐干摩擦色牢度不低于3级；PH值6.0至8.5；可分解致癌芳香胺染料≤5mg/kg；可萃取的重金属检测合格；重金属总量铅、镉≤4mg/kg；氯化苯酚 五氯苯酚 (PCP)≤0.03mg/kg；多环芳烃（PAHs） 苯并 [a] 花≤0.05mg/kg；燃烧性能检测合格；耐湿摩擦色牢度不低于5级。                                                                                                                                  \n2、 海绵：经检测无刺激性气味、每平方米内弥和裂缝总长小于100mm，最大裂缝小于30mm、颜色均匀，允许轻微杂色黄芯；泡沫塑料密度≥60kg/m³；25%压陷硬度（等级/151N）检测合格；65%/25%压陷比≥3；回弹率≥50%；拉伸强度（等级/151N）≥170kPa；伸长率（等级/151N）≥190%；干热老化后拉伸强度≥160kPa；75%压缩永久变形≤5%；撕裂强度（等级/151N）≥4.5N/cm；恒定负荷反复压陷疲劳性能（BP）≤30%；B1级燃烧性能检测合格。\n3、内框架实木锯材，木制件甲醛释放量≤0.05mg/L；含水率8%~13%；木制件外观虫蛀、贯通裂缝、树脂囊、节子、腐朽材、死节、孔洞、夹皮、树脂道、树胶道均未见缺陷。\n4、 沙发弹簧：金属件外观性能要求：涂层应无漏喷，锈蚀和脱色、掉色现象，涂层应光滑均匀，色泽一致，应无流挂、疙瘩、皱皮、飞漆等缺陷；涂层中可溶性重金属铅、镉、铬、汞≤2mg/kg；经过人造气氛腐蚀试验：中性盐雾（NSS）、乙酸盐雾（AASS）、铜加速乙酸盐雾（CASS）试验周期均≥70h。起泡等级0（S0）。生锈等级Ri0。开裂等级0（S0）。剥落等级0（S0）。\n5、规格：920x820x810mm","张",2,2280,4560,{"$f":"_xlfn.DISPIMG(\"ID_3ED23D6F0C864FAEBEEF2A23DC5E6ABB\",1)","v":"=DISPIMG(\"ID_3ED23D6F0C864FAEBEEF2A23DC5E6ABB\",1)"}]
[17,"儿童风格三人沙发","1、面材：绒布，检测无异味；甲醛含量≤20mg/kg；染色牢度：耐水色牢度、耐酸汗渍色牢度、耐碱汗渍色牢度、耐干摩擦色牢度不低于3级；PH值6.0至8.5；可分解致癌芳香胺染料≤5mg/kg；可萃取的重金属检测合格；重金属总量铅、镉≤4mg/kg；氯化苯酚 五氯苯酚 (PCP)≤0.03mg/kg；多环芳烃（PAHs） 苯并 [a] 花≤0.05mg/kg；燃烧性能检测合格；耐湿摩擦色牢度不低于5级。                                                                                                                                  \n2、 海绵：经检测无刺激性气味、每平方米内弥和裂缝总长小于100mm，最大裂缝小于30mm、颜色均匀，允许轻微杂色黄芯；泡沫塑料密度≥60kg/m³；25%压陷硬度（等级/151N）检测合格；65%/25%压陷比≥3；回弹率≥50%；拉伸强度（等级/151N）≥170kPa；伸长率（等级/151N）≥190%；干热老化后拉伸强度≥160kPa；75%压缩永久变形≤5%；撕裂强度（等级/151N）≥4.5N/cm；恒定负荷反复压陷疲劳性能（BP）≤30%；B1级燃烧性能检测合格。\n3、内框架实木锯材，木制件甲醛释放量≤0.05mg/L；含水率8%~13%；木制件外观虫蛀、贯通裂缝、树脂囊、节子、腐朽材、死节、孔洞、夹皮、树脂道、树胶道均未见缺陷。\n4、 沙发弹簧：金属件外观性能要求：涂层应无漏喷，锈蚀和脱色、掉色现象，涂层应光滑均匀，色泽一致，应无流挂、疙瘩、皱皮、飞漆等缺陷；涂层中可溶性重金属铅、镉、铬、汞≤2mg/kg；经过人造气氛腐蚀试验：中性盐雾（NSS）、乙酸盐雾（AASS）、铜加速乙酸盐雾（CASS）试验周期均≥70h。起泡等级0（S0）。生锈等级Ri0。开裂等级0（S0）。剥落等级0（S0）。\n5、规格：1970x820x810mm","张",2,5860,11720,{"$f":"_xlfn.DISPIMG(\"ID_92C235EF61ED4D52AD5E52FBEF2D20BE\",1)","v":"=DISPIMG(\"ID_92C235EF61ED4D52AD5E52FBEF2D20BE\",1)"}]
[18,"儿童风格茶几","1、基材：中密度纤维板，外观质量要求无板边缺陷，无压痕；密度（0.65g/cm³-0.8g/cm³）；含水率3%-13%；静曲强度≥26MPa；弹性模量≥2500MPa；吸水厚度膨胀率（不低于48h）≤10%;70°C水浸渍处理后静曲强度≥7.5MPa;握螺钉力（板边）≥1350N;握螺钉力（板面）≥1550N；总挥发性有机化合物（TVOC）≤38μg/m³；总挥发性有机化合物（TVOC）释放率≤0.038mg/㎡▪h;烟气毒性等级t0: 达到准安全一级ZA1;60s内焰尖高度Fs≤150mm。\n2、水性底漆，甲醛含量≤5mg/kg；苯系物总和含量（限苯、甲苯、二甲苯、乙苯）≤12mg/kg；乙二醇醚及醚醋总和含量≤17mg/kg；涂膜均匀，无流挂、发花、针孔、开裂和剥落等涂膜病态；硬度（擦伤）≥3H；贮存稳定性[(50士2)℃，7d]无异常；耐水性（≥48h）及耐沸水性（≥30min）无异常；耐冻融性不变质；耐醇性 (50%，2h)无异常；附着力（划格间距2mm/级）≤1级；VOC含量水性涂料（含腻子）色漆≤10g/L。\n3、水性面漆，甲醛含量≤10mg/kg；VOC含量清漆≤10g/L；多环芳烃总和含量(限萘、蒽)≤200mg/kg；甲醇≤0.3%；卤代烃总和含量≤0.1%；邻苯二甲酸酯总和含量≤0.2%；乙二醇醚及醚醋总和含量≤300mg/kg；苯系物总和含量≤250mg/kg；游离二异氰酸酯总和含量潮（湿）气固化型≤0.4%；耐水性（≥24h）及耐沸水性（≥15min）无异常；耐醇性 (50%，1h)无异常；耐冻融性不变质；附着力（划格间距2mm/级）≤1级。\n4、桌面厚度≥50mm。\n5、规格：1200*600*450mm","张",2,1680,3360,{"$f":"_xlfn.DISPIMG(\"ID_BD709EAE933047C28ABA5DF2B281213C\",1)","v":"=DISPIMG(\"ID_BD709EAE933047C28ABA5DF2B281213C\",1)"}]
[19,"定制地毯","规格：L180×H100cm\n1.采用优质尼龙纱线环保材料，弹性好而且富有光泽，具有很好的耐磨性和脚感，底部带防滑垫。\n2.色层分离环形地毯地毯内容丰富多彩，可让小朋友在游戏中学会认知，在课室的区角摆放中增添色彩。\n3、规格：L180×H100c椭圆形","张",4,180,720,{"$f":"_xlfn.DISPIMG(\"ID_9140A87690854051BC66591681A21B6C\",1)","v":"=DISPIMG(\"ID_9140A87690854051BC66591681A21B6C\",1)"}]
[20,"独角兽摇摇马","1、材质：PE\n2、规格：包装尺寸：约18.1x66.8x76.2cm","个",4,1538,{"$f":"E22*F22","v":6152},{"$f":"_xlfn.DISPIMG(\"ID_5C167BD7089B411B8826FCA93FCE402C\",1)","v":"=DISPIMG(\"ID_5C167BD7089B411B8826FCA93FCE402C\",1)"}]
[21,"趣味戏球运动场","1、材质：PE，\n2、内含：戏球运动场X1、小球X10，\n3、规格：包装尺寸：约41.3x97.2x52.1cm","个",4,3420,13680,{"$f":"_xlfn.DISPIMG(\"ID_2692C0C02C4F41B48499465C50071EF5\",1)","v":"=DISPIMG(\"ID_2692C0C02C4F41B48499465C50071EF5\",1)"}]
[22,"迷你旋转陀螺","1、材质：HDPE，\n2、规格：尺寸：直径约：68cm，高度约：26.5cm","个",4,832,3328,{"$f":"_xlfn.DISPIMG(\"ID_1661829BADF34E4AB92919FB22A0E326\",1)","v":"=DISPIMG(\"ID_1661829BADF34E4AB92919FB22A0E326\",1)"}]
[23,"打锤游戏","1、材质：ABS，\n2、内含：鼬鼠X4、鼬鼠台X1、锤子X1，内含四只不同表情的鼬鼠、鼬鼠台和一只锤子。\n3、规格：包装尺寸：约26*14*18cm","个",10,328,3280,{"$f":"_xlfn.DISPIMG(\"ID_1AAC811931B7404F91627650E6F2A224\",1)","v":"=DISPIMG(\"ID_1AAC811931B7404F91627650E6F2A224\",1)"}]
[24,"磁性抓蝴蝶","1、材质：木制，\n2、内含：木板X1、小虫X10、钓竿X1，\n3、规格：包装尺寸：约21.3×0.9×29.5cm","个",10,168,1680,{"$f":"_xlfn.DISPIMG(\"ID_E20B956CDE104B69AC75445169E1D725\",1)","v":"=DISPIMG(\"ID_E20B956CDE104B69AC75445169E1D725\",1)"}]
[25,"镜面积木","1、材质：塑料,\n2、内含：镜面积木x10,大而厚的镜面积木，\n3、规格：包装尺寸：约38x25x9cm","套",4,2520,10080,{"$f":"_xlfn.DISPIMG(\"ID_BEEE372203F0407793D18E80042AAC56\",1)","v":"=DISPIMG(\"ID_BEEE372203F0407793D18E80042AAC56\",1)"}]
[26,"磁力魔块","1、材质： 塑料、磁铁，\n2、内含：磁力块x35、操作卡x5。\n3、规格：包装尺寸：约：26*23.3*10.5cm","套",4,832,3328,{"$f":"_xlfn.DISPIMG(\"ID_21A360224E614EFDA120654BE1B04D82\",1)","v":"=DISPIMG(\"ID_21A360224E614EFDA120654BE1B04D82\",1)"}]
[27,"轮子水管","1、材质：塑料\n2、,内含：红色轮子4个，黄色直管10个，黄色弯管10个，绿色直管10个，绿色弯管10个，紫色十字4个，紫色T字4个，橙色十字4个，橙色T字4个。\n3、规格：包装尺寸：26*23*19cm","套",4,202,808,{"$f":"_xlfn.DISPIMG(\"ID_F9553D641FD540FE8200CDA3B1365AC2\",1)","v":"=DISPIMG(\"ID_F9553D641FD540FE8200CDA3B1365AC2\",1)"}]
[28,"水管","1、材质：塑料\n2、内含：黄色直管16个、黄色弯管16个；绿色直管16个 绿色弯管16个；紫色十字4个、紫色T字4个；橙色十字4个、橙色T字4个。黄色直管16个、黄色弯管16个；绿色直管16个 绿色弯管16个；紫色十字4个、紫色T字4个；橙色十字4个、橙色T字4个.\n3、规格：包装尺寸：26*23*19cm","套",4,268,1072,{"$f":"_xlfn.DISPIMG(\"ID_B2B2B0227CBF46B98756E9943E178138\",1)","v":"=DISPIMG(\"ID_B2B2B0227CBF46B98756E9943E178138\",1)"}]
[29,"幼儿安全工具箱","1、材质：布制，\n2、内含：工具箱X1、锤子X1、螺丝刀X1、锯子X1、钉子X1、螺钉X1、积木X2、电钻X1，\n3、规格：包装尺寸：约25.5x15.5x28.1cm","套",4,175,700,{"$f":"_xlfn.DISPIMG(\"ID_D115B890CAB1452E8464484BABD7C983\",1)","v":"=DISPIMG(\"ID_D115B890CAB1452E8464484BABD7C983\",1)"}]
[30,"仿真水果组","1、材质：塑料\n2、内含：香蕉x1、橙子x1、苹果x2（青、红2个颜色）、桃子x1、柠檬x1、草莓x1、黑布林x1、青梨x1、篮子x1,\n3、规格：包装尺寸：约25.5x15.5x28.1cm","套",4,385,1540,{"$f":"_xlfn.DISPIMG(\"ID_950FD575B036494D87D2F90C651C3661\",1)","v":"=DISPIMG(\"ID_950FD575B036494D87D2F90C651C3661\",1)"}]
[31,"配对排序小孔雀","1、材质：ABS\n2、，内含：孔雀X5、羽毛X25，五只颜色鲜艳亮丽的小孔雀，每只身上都有5 根对应颜色的羽毛。帮助幼儿探索颜色、数字，并通过游戏感知分类和对应。\n3、规格：包装尺寸：约27.7x20.6x9.9cm","套",4,1188,4752,{"$f":"_xlfn.DISPIMG(\"ID_59A3643579334612A07E24AB8C5CAEAC\",1)","v":"=DISPIMG(\"ID_59A3643579334612A07E24AB8C5CAEAC\",1)"}]
[32,"堆叠杯9件套","1、材质： PP\n2、内含：堆叠杯X9，\n3、规格：包装尺寸：约25x15x8.5cm","套",4,108,432,{"$f":"_xlfn.DISPIMG(\"ID_9EC05915890C4A7B85B59EAD3800DCD1\",1)","v":"=DISPIMG(\"ID_9EC05915890C4A7B85B59EAD3800DCD1\",1)"}]
[33,"几何形状配对","1、材质：木制，\n2、内含：底座*1、几何形状积木块*10。\n3、规格：包装尺寸：约：35*7.5*4.5cm","套",4,232,928,{"$f":"_xlfn.DISPIMG(\"ID_A9110302C79E4C74B998485819521E9F\",1)","v":"=DISPIMG(\"ID_A9110302C79E4C74B998485819521E9F\",1)"}]
[34,"森林动物-嵌套触觉板","1、材质：木制\n2、内含：森林动物-嵌套触觉板*1（5PCS）。\n3、规格：包装尺寸：约：30*22*1.75cm","套",4,218,872,{"$f":"_xlfn.DISPIMG(\"ID_F9A85ADAE6FF4E9E9B51C0145A9B40A2\",1)","v":"=DISPIMG(\"ID_F9A85ADAE6FF4E9E9B51C0145A9B40A2\",1)"}]
[35,"毛毛虫齿轮游戏","1、材质：木制、PP\n2、内含：底板X1、齿轮X6，\n3、规格：包装尺寸：约15×4.4×36.1cm","套",4,243,972,{"$f":"_xlfn.DISPIMG(\"ID_78D24589F0E845659AC107DD98C2AE9D\",1)","v":"=DISPIMG(\"ID_78D24589F0E845659AC107DD98C2AE9D\",1)"}]
[36,"海浪鼓套装6件组","材质：环保塑料，包装尺寸：约：44.4*26*7.2cm，内含：沙锤X2、雨声器X1、响板X2、海浪鼓X1，","套",4,285,1140,{"$f":"_xlfn.DISPIMG(\"ID_A3A102B9DF8149CBB747F1062EF4BA37\",1)","v":"=DISPIMG(\"ID_A3A102B9DF8149CBB747F1062EF4BA37\",1)"}]
[37,"小把手嵌套拼图-动物","材质：木制，包装尺寸：约：21.7*21.7*2.5cm，共2款，内含：小把手嵌套拼图-农场动物*1，小把手嵌套拼图-野生动物*1。","套",4,245,980,{"$f":"_xlfn.DISPIMG(\"ID_B0F6F7744A6244E7A36CB24B4F0F2FDB\",1)","v":"=DISPIMG(\"ID_B0F6F7744A6244E7A36CB24B4F0F2FDB\",1)"}]
[38,"声音积木-丛林动物","材质：木制，包装尺寸：约22×1.7×30cm，内含：木板X1、动物X8。\n不含AAA电池。","套",4,268,1072,{"$f":"_xlfn.DISPIMG(\"ID_9587F64EDB7E4617AC987725392098E6\",1)","v":"=DISPIMG(\"ID_9587F64EDB7E4617AC987725392098E6\",1)"}]
[39,"墙板游戏-感官触觉","材质：木制、塑料、皮革，尺寸：约80×60x3cm，内含：墙板游戏X1","套",4,1850,7400,{"$f":"_xlfn.DISPIMG(\"ID_71C1BFAEEFCB44C0A0D263B039BD53F9\",1)","v":"=DISPIMG(\"ID_71C1BFAEEFCB44C0A0D263B039BD53F9\",1)"}]
[40,"感统组合独木桥七件套","规格：L389×W180×H60cm\n1、工艺设计：\n（1）积木拼搭形式设计，由3个斜坡道、1个阶梯、1个独木桥组合、1个钻洞组合、1个平台部分组成。\n（2）适用于1~3岁幼儿使用，可自由组合，增加趣味性，多种功能组合，具有走、爬、攀、登、滑、钻锻炼功能，满足幼儿活动锻炼、玩耍需求，锻炼四肢协调能力，促进不同月龄大小幼儿重点动作的发展。\n2、材质用料：\n（1）皮质：采用厚度1.5mm聚氨酯合成革超柔皮质，触感轻柔，绿色环保，耐磨耐用，\n（2）海绵：密度≥30kg/m³，回弹性强，不易变形","套",2,3850,7700,{"$f":"_xlfn.DISPIMG(\"ID_B316452F57074DC291D7A0D70B2FAA97\",1)","v":"=DISPIMG(\"ID_B316452F57074DC291D7A0D70B2FAA97\",1)"}]
[41,"数字圆形皮质软垫（1-40）","规格：Ф30×H2cm（单个圆垫）\n1、工艺设计：\n（1）亲肤圆垫材质配合数字设计，培养幼儿加深对数字的认识。\n（2）所有螺丝位无毛刺不刮手，边角采用圆边/圆角处理以及安全防撞设计，最大程度的避免儿童磕碰伤害，结构稳固，不易倾倒\n2、材质用料：\n（1）基材：底板采用厚度25mm的环保实木多层板，板材甲醛释放量≤0.05mg/m3，抗菌率≥99%；外观质量、理化性能等符合国家标准；圆棒采用桦木原木。\n（2）油漆：收纳架采用环保的水性漆，全封闭涂装工艺，漆面光泽高透，颜色均匀，抗菌率≥99%；经500h以上耐人工气候老化检测结果为粉化0级，涂膜无起泡、无剥落、无裂纹。\n（3）五金件：采用环保五金；防腐抗锈，经中性盐雾测试无生锈、无气泡、无粉化等腐蚀现象\n（4）脚轮：1.5寸TPR静音万向脚轮，轮面光洁，无裂纹、伤痕、毛边等缺陷；金属件表面光滑平整、无锈蚀、毛刺、露底等缺陷。\n（5）数字圆垫面料材质：采用厚度1.5mm聚氨酯合成革超柔皮质，触感轻柔，绿色环保，耐磨耐用\n（6）数字圆垫填充材质：海绵，密度≥30kg/m³，回弹性强，不易变形，","套",2,2430,4860,{"$f":"_xlfn.DISPIMG(\"ID_DDA5FC9631B949A89F1CD2BAC13B72D0\",1)","v":"=DISPIMG(\"ID_DDA5FC9631B949A89F1CD2BAC13B72D0\",1)"}]
[42,"感统树洞组合","规格：L247×W105×H120cm\n1、工艺设计：\n（1）积木拼搭形式设计，由1个斜坡道、1个阶梯、1个钻洞树屋、1个平台部分组成；\n（2）适用于1~3岁幼儿使用，可自由组合，适应不同场地，多种功能组合，具有爬、攀、登、钻、蹲锻炼功能，满足幼儿活动锻炼、玩耍需求；\n（3）采用美工机喷绘工艺，搭配优质油墨，图案附着力好，生动立体不易褪色。\n（4）所有螺丝位无毛刺不刮手，边角采用圆边/圆角处理以及安全防撞设计，最大程度的避免儿童磕碰伤害，结构稳固，不易倾倒，安全缝隙和孔洞均符合《GB28007-2011儿童家具通用技术条件》的要求。\n2、材质用料：\n（1）基材：采用厚度18mm的环保优质实木多层板，板材甲醛释放量≤0.05mg/m3，抗菌率≥99%，防霉性能测试结果为0%，外观质量、理化性能等符合国家标准。\n（2）油漆：采用环保的水性漆，全封闭涂装工艺，漆面光泽高透，颜色均匀，抗菌率≥99%\n（3）五金件：采用环保五金，可迁移元素中锑、钡、镉、铅、硒、砷、铬、汞八大金属含量符合GB 6675.4-2014标准要求；防腐抗锈，经中性盐雾测试无生锈、无气泡、无粉化等腐蚀现象\n（4）TPR塑料：采用环保无毒材质，优质不易开裂，\n（5）油墨：采用环保水性油墨，颜色饱满，无毒无异味，可迁移元素中锑、钡、镉、铅、硒、砷、铬、汞八大金属含量符合GB 6675.4-2014标准要求，挥发性有机化合物(VOCs)符合GB 38507-2020标准要求。\n（6）皮质：采用厚度1.5mm聚氨酯合成革超柔皮质，触感轻柔，绿色环保，耐磨耐用，符合QB/T 4045-2010标准要求。\n（7）海绵：密度≥30kg/m³，回弹性强，不易变形\n（8）篷布：可方便拆洗，采用优质涤纶纤维织造，仿棉麻质感，柔软亲肤，透气性好，环保无毒，","套",2,15680,31360,{"$f":"_xlfn.DISPIMG(\"ID_9B55DB6EB8FA454ABEA056C5F4EDF64E\",1)","v":"=DISPIMG(\"ID_9B55DB6EB8FA454ABEA056C5F4EDF64E\",1)"}]
[43,"四角简约帐篷","规格：L120×W120×H145cm\n1、工艺设计：\n密温馨小帐篷，镂空式窗口，能适用多场景下使用，提高互动性。\n2、材质用料：\n（1）基材：采用桦木原木，4根，长度1820mm，直径25mm。\n（2）帆布：采用环保材质，无毒无味，甲醛释放量符合国家安全标准。","个",6,168,1008,{"$f":"_xlfn.DISPIMG(\"ID_A8E92D423EB1406CB018CE0714602E12\",1)","v":"=DISPIMG(\"ID_A8E92D423EB1406CB018CE0714602E12\",1)"}]
[44,"交通号志组","材质：安全塑料。斑马线约2*0.6m,红绿灯高度约980cm, 包含5个双面交通号志、1个红绿灯号志、1片斑马线。与威力脚踏车搭配，或者其他骑乘车搭配，游戏中学习交通安全与规则，安全环保塑料材质。","套",2,868,1736,{"$f":"_xlfn.DISPIMG(\"ID_624B5891F2584C93989A8B0C69BD8867\",1)","v":"=DISPIMG(\"ID_624B5891F2584C93989A8B0C69BD8867\",1)"}]
[45,"威力三轮车-中号-黄色","尺寸：79x52x60cm；材质：铁件。单人骑乘，后车杆可搭载一站立乘客，有站立防滑垫设计。","个",10,618,6180,{"$f":"_xlfn.DISPIMG(\"ID_770912B24C2F41139ADCFD1454B3A468\",1)","v":"=DISPIMG(\"ID_770912B24C2F41139ADCFD1454B3A468\",1)"}]
[46,"双人跷跷","材质：木制+安全塑料+金属\n产品尺寸:180×30×85cm","个",2,2860,5720,{"$f":"_xlfn.DISPIMG(\"ID_384BDE611F38488EA08C03DA34B03295\",1)","v":"=DISPIMG(\"ID_384BDE611F38488EA08C03DA34B03295\",1)"}]
[47,"幼儿钢琴","1.实木2、规格：幼儿常规","个",2,860,1720,{"$f":"_xlfn.DISPIMG(\"ID_A7932CF57E75470A88D28C262DAC11C2\",1)","v":"=DISPIMG(\"ID_A7932CF57E75470A88D28C262DAC11C2\",1)"}]
[48,"钻圈跨栏组合","钻圈跨栏组合直接60cm杆长75cm可调节高度","套",4,550,2200,{"$f":"_xlfn.DISPIMG(\"ID_0EDA3A4D917A484492F36C58276A27F0\",1)","v":"=DISPIMG(\"ID_0EDA3A4D917A484492F36C58276A27F0\",1)"}]
[49,"多人协助车","1、材质：安全塑料2、规格：220*60*50cm","辆",4,820,3280,{"$f":"_xlfn.DISPIMG(\"ID_BE0A98D1A76E46E684053A409CCEDF4B\",1)","v":"=DISPIMG(\"ID_BE0A98D1A76E46E684053A409CCEDF4B\",1)"}]
[50,"转转椅","1、材质：镀锌管，PE板，\n2、整体加工成型后经专业技术人员进行除油、除锈、磷化及抛砂处理，表面喷涂户外环保聚酯粉末，高温固化，表面光滑，抗紫外线能力强，色彩鲜艳，不易脱落，耐腐蚀\n3、规格：Φ150*110cm","件",1,5100,5100,{"$f":"_xlfn.DISPIMG(\"ID_DE7D872C93F04D2C9BAD465846B9D04B\",1)","v":"=DISPIMG(\"ID_DE7D872C93F04D2C9BAD465846B9D04B\",1)"}]
[51,"摇乐\n（PE板）","1、PE板材质 ，\n2、弹簧焊接采用氩弧焊及CO2气体保护焊，整体加工成型后经专业技术人员进行除油、除锈、磷化及抛砂处理，表面喷涂户外环保聚酯粉末，高温固化，表面光滑，抗紫外线能力强，色彩鲜艳，不易脱落，耐腐蚀\n3、规格：62*40*75cm可选款","件",2,1890,3780,{"$f":"_xlfn.DISPIMG(\"ID_FC783191A8DE40AA9E4B8B9CD1783CF5\",1)","v":"=DISPIMG(\"ID_FC783191A8DE40AA9E4B8B9CD1783CF5\",1)"}]
[52,"摇乐\n（滚塑）","塑料件\n1、材质：线型低密度聚乙烯（LLDPE）工程塑料安全环保，耐侯性好，不易褪色。\n2、弹簧焊接采用氩弧焊及CO2气体保护焊，整体加工成型后经专业技术人员进行除油、除锈、磷化及抛砂处理，表面喷涂户外环保聚酯粉末，高温固化，表面光滑，抗紫外线能力强，色彩鲜艳，不易脱落，耐腐蚀\n3、规格：83*42*88cm可选款","件",2,1360,2720,{"$f":"_xlfn.DISPIMG(\"ID_675134B53CEF4F32BCEA2490D17E8D39\",1)","v":"=DISPIMG(\"ID_675134B53CEF4F32BCEA2490D17E8D39\",1)"}]
[53,"跷跷板\n（pe板）","1、10*10cm镀锌管，15/19MM.PE板材\n2、规格：230*30*79cm可选款","件",1,5100,5100,{"$f":"_xlfn.DISPIMG(\"ID_5BFE30EA83854D14A1D5B45F9C769648\",1)","v":"=DISPIMG(\"ID_5BFE30EA83854D14A1D5B45F9C769648\",1)"}]
[54,"秋千1","1、支柱材质及尺寸：采用89mm镀锌管，厚度2.0mm、镀锌管；表面处理：酸洗淋化后全部采用保护焊，机械抛光，室外聚酯系喷塑；\n2、包塑链条，pu座板。\n3、规格：300*130*195cm","件",1,5600,5600,{"$f":"_xlfn.DISPIMG(\"ID_C722AA89A5064A1F9423EED281C39918\",1)","v":"=DISPIMG(\"ID_C722AA89A5064A1F9423EED281C39918\",1)"}]
[55,"秋千2","1、支柱材质及尺寸：采用89mm镀锌管，厚度2.0mm、镀锌管；表面处理：酸洗淋化后全部采用保护焊，机械抛光，室外聚酯系喷塑；\n2、包塑链条，pu座板。\n3、规格：300*130*195cm","件",1,4900,4900,{"$f":"_xlfn.DISPIMG(\"ID_E690A4DC60414867A2FCE986C27F51D6\",1)","v":"=DISPIMG(\"ID_E690A4DC60414867A2FCE986C27F51D6\",1)"}]
[56,"办公桌","1、基材：中密度纤维板，外观质量要求无板边缺陷，无压痕；密度（0.65mg/m³-0.8mg/m³）；含水率3%-13%；静曲强度≥26MPa；弹性模量≥2500MPa；吸水厚度膨胀率（48h）≤10%;70°C水浸渍处理后静曲强度≥7.5MPa;握螺钉力（板边）≥1350N;握螺钉力（板面）≥1550N；总挥发性有机化合物（TVOC）≤38μg/m³；总挥发性有机化合物（TVOC）释放率≤0.038mg/㎡▪h;烟气毒性等级t0: 达到准安全一级ZA1;60s内焰尖高度Fs≤150mm。\n2、面材：采用木皮，含水率6-16%。甲醛释放量≤0.1mg/L。产品有害物质可接触的实木部件中五氯苯酚(PCP)未检出。耐光色牢度蓝色羊毛布4级，达到灰度2级。\n3、白乳胶：总挥发性有机物≤9g/L，游离甲醛≤0.05g/kg，苯、甲苯+二甲苯未检出，黏度≥0.7pa.s，不挥发物≥47%，压缩剪切强度（湿强度≥7MPa），（干强度≥11MPa）；木材污染性合格。\n4、写字板面材：PVC仿皮，摩擦色牢度干擦、湿擦、碱性汗液均检测合格；耐光性≥5级；耐折牢度检测后无裂纹；耐磨性CS-10，500g，500r检测后无明显损伤、剥落；撕裂力≥26.8N；气味检测合格；pH≥4；禁用偶氮染料均未检出；可萃取的重金属铅（Pb）、镉（Cd）未检出；皮革中五氯苯酚（PCP）未检出游离甲醛未检出；挥发性有机物（VOC）≤16mg/kg。\n5、水性漆，VOC含量≤6g/L，甲醛≤5mg/kg；苯系物总和含量、乙二醇醚及醚酯总和含量、烷基酚聚氧乙烯醚总和含量均未检出；细度≤33um；不挥发物≥38%，耐磨性（750g/1000r)≤0.019g,附着力≤1级，耐干热性、耐湿热性≤2级，搅拌后均匀无硬块，表面硬度≥2H，耐水性、耐碱性、耐污染性均检测合格。\n6、五金件：采用专用家具配装组件连接组装，三合一连接件技术要求：通过中性盐雾试验（NSS）法、乙酸盐雾试验法连续喷雾≥200h试验，耐腐蚀等级达到10级；表面涂层可迁移元素均未检出；金属件外观性能无缺陷。\n7、桌面厚度≥60mm，其它板材≥15mm。\n8、规格：1600*800*760mm","张",3,1200,{"$f":"F58*E58","v":3600},{"$f":"_xlfn.DISPIMG(\"ID_7D9CA356EED4499EA68CDB8C35CF8616\",1)","v":"=DISPIMG(\"ID_7D9CA356EED4499EA68CDB8C35CF8616\",1)"}]
[57,"办公椅/桌前椅","1、面材：超纤皮，甲醛含量、挥发性有机物（VOC）、16种多环芳烃、二甲基甲酰胺、富马酸二甲酯、六价铬均未检出；耐折牢度常温≥20万次、-10℃≥2.5万次表面无裂纹；耐水解性应不开裂不粉化不褪色不脱层；耐磨性≥4级。\n2、海绵：经检测无刺激性气味、每平方米内弥和裂缝总长小于100mm，最大裂缝小于30mm、颜色均匀，允许轻微杂色黄芯；泡沫塑料密度≥60kg/m³；25%压陷硬度（等级/151N）检测合格；65%/25%压陷比≥3；回弹率≥50%；拉伸强度（等级/151N）≥170kPa；伸长率（等级/151N）≥190%；干热老化后拉伸强度≥160kPa；75%压缩永久变形≤5%；撕裂强度（等级/151N）≥4.5N/cm；恒定负荷反复压陷疲劳性能（BP）≤30%；B1级燃烧性能检测合格。\n3、弓形脚架：端头外形：钢管两端端面应与钢管轴线垂直，切口毛刺应予清除。压扁，扩口，表面质量，室温拉伸；抗拉强度、屈服强度、断后伸长率检测合格；\n4、规格：480*480*900mm","把",4,540,2160,{"$f":"_xlfn.DISPIMG(\"ID_5FCDB9EBB65947E5A5D6BE48F610A2AE\",1)","v":"=DISPIMG(\"ID_5FCDB9EBB65947E5A5D6BE48F610A2AE\",1)"}]
[58,"会议桌/示教桌","1、基材：采用实木颗粒板，实木颗粒板技术要求：含水率7%~13%；吸水厚度膨胀率：24h μᵤ≤8％ 、2h μᵤ≤3.0％。表面胶合强度：≥1.29MPa。板面握螺钉力≥1300N，板边握螺钉力≥930N；静曲强度≥26MPa；弹性模量≥4850MPa。内胶合强度：≥0.50 MPa；防潮性能循环试验后内胶合强度μʟ≥0.30MPa；甲醛释放限量1m³气候箱法E₁≤0.020mg/m³；挥发性有机化合物（72h）苯、甲苯、二甲苯、总挥发性有机化合物（TVOC）均未检出。\n2、面材：三聚氰胺饰面纸，挥发物含量6%~9%；预固化度50%~70%；甲醛释放量A级≤0.2mg/L；苯、甲苯、二甲苯、总挥发性有机化合物（TVOC）均未检出。\n3、热熔胶：游离甲醛未检出；甲苯、二甲苯、苯均未检出；总挥发性有机物≤3g/L。\n4、封边条：可迁移元素（可溶性重金属）铅≤1mg/kg，镉、铬、汞、砷、钡、锑、硒均未检出、；耐干热性无龟裂无鼓泡；耐磨性磨30r后无露底现象；耐开裂性（耐龟裂性）≥2级，耐冷热循环性无龟裂、无鼓泡、无变色、无起皱；甲醛释放量及氯乙烯单体均未检出。\n5、钢架：金属喷漆（塑）涂层硬度≥5H，金属喷漆（塑）涂层附着力1级。\n6、桌面板材厚度≥25mm，背板厚度≥15mm。\n7、配互扣式专用家具配装组件根据摆放需求连接。\n8、规格：1800*400*750mm和1400*400*750mm","张",2,925,1850,{"$f":"_xlfn.DISPIMG(\"ID_B4A878AFCC924D7E8B75E8944916C496\",1)","v":"=DISPIMG(\"ID_B4A878AFCC924D7E8B75E8944916C496\",1)"}]
[59,null,null,"张",4,600,2400]
[60,"会议椅/示教椅","1、面材网布：甲醛含量及可分解致癌芳香胺染料均未检出；pH值6.0~8.5；干摩擦径向纬向均≥4级。\n2、海绵：经检测无刺激性气味、每平方米内弥和裂缝总长小于100mm，最大裂缝小于30mm、颜色均匀，允许轻微杂色黄芯；泡沫塑料密度≥60kg/m³；25%压陷硬度（等级/151N）检测合格；65%/25%压陷比≥3；回弹率≥50%；拉伸强度（等级/151N）≥170kPa；伸长率（等级/151N）≥190%；干热老化后拉伸强度≥160kPa；75%压缩永久变形≤5%；撕裂强度（等级/151N）≥4.5N/cm；恒定负荷反复压陷疲劳性能（BP）≤30%；B1级燃烧性能检测合格。\n3、钢架：金属喷漆（塑）涂层硬度≥5H，金属喷漆（塑）涂层附着力1级。\n4、规格：470*440*850mm","把",16,260,4160,{"$f":"_xlfn.DISPIMG(\"ID_01C78925E0E74251BCC35EAC18182C73\",1)","v":"=DISPIMG(\"ID_01C78925E0E74251BCC35EAC18182C73\",1)"}]
[61,"可旋转手术凳","1、面材：超纤皮，甲醛含量、挥发性有机物（VOC）、16种多环芳烃、二甲基甲酰胺、富马酸二甲酯、六价铬均未检出；耐折牢度常温≥20万次、-10℃≥2.5万次表面无裂纹；耐水解性应不开裂不粉化不褪色不脱层；耐磨性≥4级。\n2、海绵：经检测无刺激性气味、每平方米内弥和裂缝总长小于100mm，最大裂缝小于30mm、颜色均匀，允许轻微杂色黄芯；泡沫塑料密度≥60kg/m³；25%压陷硬度（等级/151N）检测合格；65%/25%压陷比≥3；回弹率≥50%；拉伸强度（等级/151N）≥170kPa；伸长率（等级/151N）≥190%；干热老化后拉伸强度≥160kPa；75%压缩永久变形≤5%；撕裂强度（等级/151N）≥4.5N/cm；恒定负荷反复压陷疲劳性能（BP）≤30%；B1级燃烧性能检测合格。\n3、塑料件特定元素的迁移铬、砷、硒、镉、锑、钡、汞、铅均未检出，塑料外观件无缺陷，塑料邻苯二甲酸酯DBP、BBP、DEHP、DN0P、DINP 、DIDP均未检出。\n4、气压棒：密封性能：气弹簧锁定在任意位置，经72h常温储存后，活塞杆未产生位移；耐高低温性能：气弹簧经-30℃和60℃高低温储存，公称力Fa衰减量未大于5%；循环寿命：经耐高低温性能试验的样品，再经≥50000次循环寿命(当行程不大于60mm时，按实际行程；当行程大于60mm时，按60mm行程)试验后，气弹簧公称力Fa的总衰减量未大于13%；座面回转耐久性试验：座椅零部件无断裂或豁裂现象、加载部位无明显变形、座椅结构无松动、试件试验期间不应发出清晰可辨的噪声、升降机构和旋转机构应无失灵、应无螺丝等零配件明显松动以上六项实测结果均符合标准要求。\n5、滑轮：塑料重金属可溶性铅，可溶性镉，可溶性铬，可溶性汞均均未检出；塑料件外观：应无裂纹，无明显变形，应无明显缩孔、气泡、杂质、伤痕，外表用塑料件表面应光洁，无划痕，无污溃，无明显色差。\n6、规格：标准","把",1,700,700,{"$f":"_xlfn.DISPIMG(\"ID_7219F94E9B1B415593834988A1E65F07\",1)","v":"=DISPIMG(\"ID_7219F94E9B1B415593834988A1E65F07\",1)"}]
[62,"茶水柜","1、基材：实木颗粒板，技术要求：含水率7%~13%；吸水厚度膨胀率：24hμᵤ≤8％、2hμᵤ≤3.0％。表面胶合强度：≥1.25MPa。板面握螺钉力≥1300N，板边握螺钉力≥930N；静曲强度≥25MPa；弹性模量≥4800MPa。内胶合强度≥0.50 MPa；防潮性能循环试验后内胶合强度μʟ≥0.30MPa；甲醛释放限量1m³气候箱法E₁≤0.020mg/m³；挥发性有机化合物（72h）苯、甲苯、二甲苯≤2μg/m³、总挥发性有机化合物（TVOC）≤50μg/m³。\n2、面材：三聚氰胺板饰面纸，挥发物含量6%~9%；预固化度50%~70%；甲醛释放量A级≤0.2mg/L；挥发性有机化合物（72h）苯、甲苯、二甲苯≤2μg/m³、总挥发性有机化合物（TVOC）≤10μg/m³。\n3、热熔胶：游离甲醛≤1.0g/kg；苯≤0.01g/kg；甲苯、二甲苯≤0.05g/kg；总挥发性有机物≤10g/L；二氯甲烷、1,2-二氯乙烷、1,1,2-三氯乙烷、三氯乙烯≤0.1g/kg。\n4、封边条，甲醛释放量≤0.05mg/L；可迁移元素（可溶性重金属）铅 、镉、铬 、汞、砷、钡 、锑、硒≤2mg/kg；邻苯二甲酸醋DBP、BBP、DEHP、DNOP、DINP和DIDP的总量≤0.1%；耐磨性磨≥90r后无露底现象；耐光色牢度（灰色样卡）不低于4级。\n5、五金件：三合一连接件，通过中性盐雾试验（NSS）法、乙酸盐雾试验法连续喷雾≥200h试验，耐腐蚀等级达到10级；表面涂层可迁移元素锑、砷、钡、镉、铬、铅、汞、硒≤2mg/kg；金属件外观性能无缺陷。\n6、五金件：阻尼铰链，通过中性盐雾试验（NSS）、乙酸盐雾试验连续喷雾≥250h，耐腐蚀等级达到10级；表面涂层可迁移元素均未检出；耐久性检测合格；下沉量合格；垂直静载荷（过载）检测合格；水平静载荷（过载）检测合格；操作力耐久性试验后打开力和关闭力≤15N。\n7、规格：800*400*800mm","个",1,630,630,{"$f":"_xlfn.DISPIMG(\"ID_A9423E1B166B4175925CE8BCC6B5CA2E\",1)","v":"=DISPIMG(\"ID_A9423E1B166B4175925CE8BCC6B5CA2E\",1)"}]
[63,"铁皮文件柜","1、基材：冷轧钢板：金属喷涂层附着力应不低于2级，金属喷漆（塑）涂层耐腐蚀检测≥100h后，检查划道两侧3mm外，应无锈迹、剥落、起皱、变色和失光等现象，断后伸长率≥33%，抗拉强度450~500Mpa，耐腐蚀等级中性盐雾试验（NSS）连续喷雾≥450h，简易10级制定级法不低于7级，乙酸盐雾试验（Ass）连续喷雾≥450h，简易10级制定级法不低于7级。\n2、塑粉：色泽均匀，无异物，呈松散粉末状，筛余物(125 μm)全部通过;硬度(擦伤)≥6H；附着力≤1级；耐冲击性 ≥50cm；符合弯曲试验；耐酸性(3%HCl )≥400h无异常；耐湿热性达到1000h无异常；多溴联苯(PBBs)未检出。\n3、锁：经中性盐雾试验≥450h试验后耐腐蚀等级达10级、经乙酸盐雾试验≥100h试验后耐腐蚀等级达10级、经＞30000次启、闭后锁具无损坏能正常使用。\n4、钢板厚度≥0.6mm。\n5、规格：860*400*1800mm（分体柜5个小柜为1组）","组",2,1000,2000,{"$f":"_xlfn.DISPIMG(\"ID_178C604ACD28486096919E263A50DDDE\",1)","v":"=DISPIMG(\"ID_178C604ACD28486096919E263A50DDDE\",1)"}]
[{"$nulls":6},{"$f":"SUM(G3:G65)","v":299660}]